00478nam a2200133 a 450000500170000000800410001705000220005810000180008024500490009826000420014744000240018999900190021395201120023220140414132051.0110726s19uu xx 00 eng d aREF 500bN24 1996 aKerrod, Robin aNew science library :bMatter and materials. aChicago, Illinois :bFerguson,c1996. aNew science library c114182d114182 001040aMUbMUcREFd2011-07-26eDonationl0oREF 500 N24 1996pM5934r2014-04-14 00:00:00w2014-04-14yBK